000 00489nam a2200181Ia 4500
008 090124s9999 xx 000 0 und d
082 _b121923
100 _aसाठे शंकर भाऊ
245 _a काळा ओढा
250 _a1
260 _c1987
300 _a155
600 _aसाठे शंकर भाऊ
630 _a काळा ओढा
700 _aसाठे शंकर भाऊ
730 _a काळा ओढा
942 _cBOOK
999 _c168009
_d168009